000 00516nam a2200205 a 4500
999 _c8012
_d8012
001 8012
003 BD-JhCC
005 20180217161514.0
008 180217s1963 uk ||||| |||| 000 0 eng d
035 _a(BD-JhCC)
040 _aBD-JhCC
_dBD-JhCC
041 _aeng
082 _a331.880941
_bPEL 1963
100 _aPelling, Henry
245 _aA History of British Trade Unioism /
_cHenry Pelling
260 _aLondon:
_bPenguin Books,
_c1963
300 _a285 p;,
_c18 cm
650 _alabor union
942 _2ddc
_cBK